Statistiques concernant Pays les plus proches de l'Iran

Cliquez ici pour prendre le quiz!

Statistiques générales

  • Ce quiz a été pris 63 fois
  • Le résultat moyen est 18 sur 20

Statistiques - réponses

kmpays% Correct
0Irak
100%
0Pakistan
100%
97Émirats arabes unis
98%
0Afghanistan
96%
147Arabie Saoudite
96%
51Oman
95%
182Syrie
95%
0Turquie
95%
20Koweït
93%
188Qatar
91%
165Russie
91%
596Inde
88%
329Ouzbékistan
88%
0Azerbaïdjan
86%
0Arménie
84%
191Bahreïn
82%
189Géorgie
82%
0Turkménistan
82%
342Kazakhstan
80%
593Tadjikistan
79%

Distribution des résultats

Percentile par nombre de réponses

% des personnes avec chaque résultat

Votre développement - résultats

Vous n’avez pas pris ce quiz